| 000 | 00561nam a22001937a 4500 | ||
|---|---|---|---|
| 003 | dpl | ||
| 005 | 20180726103601.0 | ||
| 008 | 180726b xxu||||| |||| 00| 0 eng d | ||
| 020 |
_a0195651316 _c325.00 |
||
| 035 | _aB-011703 | ||
| 040 |
_aDPL _bEN _c0 |
||
| 082 | _a338.9 | ||
| 100 | _aSen,Amartya | ||
| 245 |
_aResources, values and Development / _cby Amartya Sen |
||
| 260 |
_aNew Delhi _bOxford University Press _c1999 |
||
| 300 |
_avii,547p.; _c21cm |
||
| 500 | _aincludes Name index and Subject index | ||
| 942 |
_2ddc _cEN _h338.9 _mSEN |
||
| 999 |
_c154847 _d154847 |
||